Techniques of biochemical and biophysical morphology. (Record no. 25711)

MARC details
000 -LEADER
fixed length control field 00370nam a2200133Ia 4500
082 ## - DEWEY DECIMAL CLASSIFICATION NUMBER
Classification number 577:572.7
Item number GLI.3
100 ## - MAIN ENTRY--AUTHOR NAME
Personal name GLICK, David
245 #0 - TITLE STATEMENT
Title Techniques of biochemical and biophysical morphology.
260 ## - PUBLICATION, DISTRIBUTION, ETC. (IMPRINT)
Place of publication New York
Name of publisher Wiley
Year of publication 1977
650 ## - SUBJECT ADDED ENTRY--TOPICAL TERM
Topical Term Tissue preservation
700 ## - ADDED ENTRY--PERSONAL NAME
Personal name ROSENBAUM, Robert M
942 ## - ADDED ENTRY ELEMENTS (KOHA)
Koha item type Books
Holdings
Withdrawn status Lost status Damaged status Not for loan Home library Current library Date acquired Full call number Accession Number Koha item type
        RRII Library RRII Library 16/12/2021 577:572.7 GLI.3 06363 Books